| 000 | 00436cam a2200169ua 4500 | ||
|---|---|---|---|
| 041 |
_aeng _h |
||
| 082 |
_a547 _bCOH/TH |
||
| 100 | _aJulius , B Cohen . | ||
| 245 |
_aTheoretical organic chemistry / _cCohen B Julius. _hTextual Documents |
||
| 250 |
_a4 / _b. |
||
| 260 |
_aLondon : _bMacMillan and Company Limited , _c1958. |
||
| 300 | _a622 ; . | ||
| 504 | _a | ||
| 700 | 1 | _aAustin , P C . | |
| 942 | _cBK | ||
| 999 |
_c11301 _d11301 |
||